| 000 | 00419cam a22001217a 4500 | ||
|---|---|---|---|
| 008 | 180718bv.p. xxu||||| |||| 00| 0 eng d | ||
| 082 | _aT19x54 M584 | ||
| 245 |
_aMid-year review _cby Ministry of Finance. Economic Division |
||
| 260 |
_aNew Delhi _bThe author _cv.p. |
||
| 500 | _aLibrary has November 2002, December 2004 | ||
| 650 | _aIndia - Economic conditions | ||
| 700 | _aIndia. Ministry of Finance. Economic Division | ||
| 999 |
_c488663 _d488663 |
||